000 01226cam a2200301Ka 4500
999 _c6563
_d6563
001 6563
003 MCM
005 20180418182648.0
008 880614s1962 nyu 000 1 eng d
035 _aMITb10897292
035 _a(OCoLC)18083846
040 _aTTK
_cTTK
_dJED
_dMYG
041 _aeng
082 _a823
_bBES
090 _aPS648.S5
_bB47x 1962
245 0 4 _aThe best college writing 1961 :
_ban anthology of university writing /
_cchosen by the editors of Story magazine and selected contest judges.
260 _aNew York :
_bRandom House,
_cc1962.
300 _axiii, 237 p. ;
_c21 cm.
500 _aContinued by: Prize college stories.
505 0 0 _tThe suntan kid /
_tThe threesome /
_tI saw the moon go /
_tThe bicycle key /
_tHuexotla /
_tHere it comes-- there it goes /
_tTurn your back and walk away /
_tThursday's chair /
_tThe bird in the bottle /
_tThe glass room /
_tThe tin god /
_tYesterday is tomorrow's inhibitions /
_tThe word /
_tLayover from St. Louis /
_tThe beating /
_tThe hitchhiker /
_tThe flaw /
650 0 _aShort stories, American.
650 0 _aCollege stories.
730 0 _aStory (New York, N.Y. : 1931)
942 _2ddc
_cBK
946 _at
949 _ac
_p39080020292147